UM Logo

Assaults on freedom of speech : (Record no. 18402)

MARC details
000 -LEADER
fixed length control field 00780nam a22002057a 4500
003 - CONTROL NUMBER IDENTIFIER
control field OSt
005 - DATE AND TIME OF LATEST TRANSACTION
control field 20250219131308.0
008 - FIXED-LENGTH DATA ELEMENTS--GENERAL INFORMATION
fixed length control field 231111b ||||| |||| 00| 0 eng d
040 ## - CATALOGING SOURCE
Transcribing agency 0
082 ## - DEWEY DECIMAL CLASSIFICATION NUMBER
Classification number DPer 370.763 So131 January-December 2022 v.113 n. 1-6
100 ## - MAIN ENTRY--PERSONAL NAME
Personal name Moore, James.
Relator term author.
9 (RLIN) 49897
245 ## - TITLE STATEMENT
Title Assaults on freedom of speech :
Remainder of title why social studies must defend the first amendment /
Statement of responsibility, etc. James Moore.
260 ## - PUBLICATION, DISTRIBUTION, ETC. (IMPRINT)
Place of publication, distribution, etc. Philadelphia ;
Name of publisher, distributor, etc. Taylor & Francis Group,
Date of publication, distribution, etc. January-February 2022.
300 ## - PHYSICAL DESCRIPTION
Extent volume 113 pages 30-49,
Other physical details illustration.
500 ## - GENERAL NOTE
General note The Social Studies, v. 113, no. 1, pages 30-49, January-February 2022.
650 ## - SUBJECT ADDED ENTRY--TOPICAL TERM
Topical term or geographic name as entry element Freedom of speech.
9 (RLIN) 49898
650 ## - SUBJECT ADDED ENTRY--TOPICAL TERM
Topical term or geographic name as entry element Censorship.
9 (RLIN) 49899
700 ## - ADDED ENTRY--PERSONAL NAME
Personal name Moore, James.
Relator term author.
9 (RLIN) 49897
942 ## - ADDED ENTRY ELEMENTS (KOHA)
Source of classification or shelving scheme Dewey Decimal Classification
Koha item type Periodicals
Holdings
Withdrawn status Lost status Source of classification or shelving scheme Damaged status Not for loan Collection code Home library Current library Date acquired Total Checkouts Full call number Date last seen Price effective from Koha item type Public note
    Dewey Decimal Classification     Periodicals UM Digos College - LIC UM Digos College - LIC 11/11/2023   DPer 370.763 So131 January-December 2022 v.113 n. 1-6 11/11/2023 11/11/2023 Periodicals Periodical Article